UM Logo

Advances in management accounting (Record no. 13391)

MARC details
000 -LEADER
fixed length control field 00795nam a22002177a 4500
008 - FIXED-LENGTH DATA ELEMENTS--GENERAL INFORMATION
fixed length control field 190309b ||||| |||| 00| 0 eng d
020 ## - INTERNATIONAL STANDARD BOOK NUMBER
International Standard Book Number 9781784416492
082 ## - DEWEY DECIMAL CLASSIFICATION NUMBER
Edition number 2015
Classification number AV-Eb 657
Item number E64
245 ## - TITLE STATEMENT
Title Advances in management accounting
Statement of responsibility, etc. edited by Marc J. Epstein and John Y. Lee.
260 ## - PUBLICATION, DISTRIBUTION, ETC. (IMPRINT)
Place of publication, distribution, etc. UK:
Name of publisher, distributor, etc. Emerald Publishing Limited,
Date of publication, distribution, etc. ©2015.
300 ## - PHYSICAL DESCRIPTION
Extent 308 pages;
440 ## - SERIES STATEMENT/ADDED ENTRY--TITLE
Title Advances in Management Accounting Ser.
9 (RLIN) 37428
500 ## - GENERAL NOTE
General note Includes index.
650 ## - SUBJECT ADDED ENTRY--TOPICAL TERM
Topical term or geographic name as entry element Accounting.
9 (RLIN) 37429
650 ## - SUBJECT ADDED ENTRY--TOPICAL TERM
Topical term or geographic name as entry element Business consultants.
9 (RLIN) 37430
650 ## - SUBJECT ADDED ENTRY--TOPICAL TERM
Topical term or geographic name as entry element Managerial accounting.
9 (RLIN) 37431
700 ## - ADDED ENTRY--PERSONAL NAME
Personal name Epstein, Marc J. editor.
9 (RLIN) 37432
700 ## - ADDED ENTRY--PERSONAL NAME
Personal name Lee, John Y. editor.
9 (RLIN) 37433
856 ## - ELECTRONIC LOCATION AND ACCESS
Link text https://ebookcentral.proquest.com/lib/uniofmindanao-ebooks/detail.action?docID=2122288
942 ## - ADDED ENTRY ELEMENTS (KOHA)
Source of classification or shelving scheme Dewey Decimal Classification
Koha item type Ebooks
Holdings
Withdrawn status Lost status Source of classification or shelving scheme Damaged status Not for loan Home library Current library Shelving location Date acquired Source of acquisition Total Checkouts Full call number Barcode Date last seen Copy number Price effective from Koha item type
    Dewey Decimal Classification     UM Digos College - LIC UM Digos College - LIC Processing Center 03/09/2019 Downloaded   AV-Eb 657 E64 Eb045 03/09/2019 1 03/09/2019 Ebooks